Statystyki dla Państwa w których ruch jest lewostronny

Kliknij tutaj aby rozwiązać quiz!

Ogólne statystyki

  • Ten quiz został rozwiązany 163 razy
    (134 od ostatniego zresetowania)
  • Średni wynik to 13 z 32

Statystyki odpowiedzi

HintOdpowiedź% Poprawnych
EuropaWielka brytania
98%
EuropaIrlandia
87%
OceaniaAustralia
74%
OceaniaNowa zelandia
68%
AfrykaRepublika Południowej Afryki
66%
AzjaJaponia
64%
AzjaIndie
61%
EuropaMalta
51%
AzjaIndonezja
48%
AzjaTajlandia
47%
AzjaBangladesz
42%
AzjaMalezja
42%
AzjaPakistan
42%
EuropaCypr
39%
Ameryka południowaGujana
39%
AzjaWietnam
36%
Ameryka południowaSurinam
33%
Ameryka północnaJamajka
32%
AfrykaKenia
32%
AfrykaLesotho
32%
AfrykaTanzania
32%
AfrykaZambia
32%
AzjaSingapur
30%
AfrykaBotswana
28%
OceaniaPapua-Nowa Gwinea
28%
Ameryka północnaDominika
23%
AzjaSri lanka
23%
AfrykaUganda
23%
AzjaBrunei
21%
OceaniaSamoa
16%
AzjaMalediwy
15%
AfrykaMauritius
6%

Rozkład punktacji

Percentyl według liczby udzielonych odpowiedzi

Procent ludzi z każdym wynikiem

Twoja historia wyników

Nie rozwiązałeś tego quizu od ostatniego zresetowania